000
00305nam a2200121 a 4500
005
20140412111327.0
008
110128s19uu xx 00 eng d
050
_a
M 591
_b
Wo927 1991
245
_a
The world of animals.
260
_a
U.S.A :
_b
Funk and wagnalls,
_c
1991.
300
_a
45p.
999
_c
104733
_d
104733